000 01368nam a22002537a 4500
005 20260401160305.0
008 260401b |||||||| |||| 00| 0 eng d
020 _a9788126543953
040 _cAL
041 _aeng
082 _a620.106
_bMERE
100 _aMeriam J L
_9260025
245 _aEngineering mechanics dynamics Ed 7
250 _a7
260 _aNew Delhi
_bWiley
_c2015
300 _axx,723p
_bPB
_c23x18cm
365 _2Information Science and Engineering
_aVBI-2645
_b₹546.75
_c
_d₹729.00
_e25%
_f20-02-2026
520 _aKnown for its accuracy, clarity, and dependability, Meriam & Kraige's Engineering Mechanics: Dynamics has provided a solid foundation of mechanics principles for more than 60 years. Now in its seventh edition, the text continues to help students develop their problem-solving skills with an extensive variety of engaging problems related to engineering design. More than 50% of the homework problems are new, and there are also a number of new sample problems. To help students build necessary visualization and problem-solving skills, the text strongly emphasizes drawing free-body diagrams-the most important skill needed to solve mechanics problems.
650 _aKinematics of Particles
_9259938
650 _aInertia
_9259939
650 _aSI Version
_9259940
700 _aKraige L G
_9259941
942 _2ddc
_cBK
999 _c241096
_d241096